[Event "POL-ch disabled"]
[Site "Rowy"]
[Date "2009.09.04"]
[Round "6.31"]
[White "Radwan, Jan"]
[Black "Sarnowski, Ryszard"]
[Result "1/2-1/2"]
[WhiteElo "1741"]
[BlackElo "1578"]
[PlyCount "23"]
[EventDate "2009.09.01"]
[EventType "swiss"]
[EventRounds "9"]
[EventCountry "POL"]
[SourceTitle "EXT 2023"]
[Source "ChessBase"]
[SourceDate "2022.10.05"]
[SourceVersion "1"]
[SourceVersionDate "2022.10.05"]
[SourceQuality "1"]

1. b4 d5 2. Bb2 a6 3. Nf3 Nf6 4. a3 h6 5. d3 Qd6 6. d4 e6 7. c4 dxc4 8. e4 Qd8 9. Bxc4 b5 10. Bb3 Bb7 11. 0-0 Nh7 12. d5 1/2-1/2

[Event "Katy Rybackie op"]
[Site "Katy Rybackie"]
[Date "2009.06.14"]
[Round "1"]
[White "Galyga, Jozef"]
[Black "Sarnowski, Ryszard"]
[Result "1-0"]
[WhiteElo "1944"]
[BlackElo "1530"]
[PlyCount "66"]
[EventDate "2009.06.14"]
[EventType "swiss"]
[EventRounds "9"]
[EventCountry "POL"]
[SourceTitle "CBM 131 Extra"]
[Source "ChessBase"]
[SourceDate "2009.09.03"]
[SourceVersion "2"]
[SourceVersionDate "2009.09.16"]
[SourceQuality "1"]

1. e4 c5 2. Nf3 d6 3. g3 e6 4. d3 Nf6 5. Bg2 Be7 6. 0-0 Nc6 7. Nbd2 0-0 8. c3 e5 9. Nc4 Be6 10. Qe2 h6 11. Nh4 Nh7 12. Nf5 b5 13. Nce3 a6 14. Qg4 Bf6 15. Nd5 Kh8 16. Qe2 Ra7 17. Be3 Ne7 18. Nfxe7 Bxe7 19. f4 Bxd5 20. exd5 f6 21. Qh5 Qe8 22. Qf5 Rf7 23. fxe5 dxe5 24. Be4 Nf8 25. h4 g6 26. Qf2 f5 27. Bg2 g5 28. hxg5 Bxg5 29. Bxc5 Rad7 30. Qe2 Ng6 31. Qh5 f4 32. Qxg6 fxg3 33. Rxf7 Rxf7 1-0

[Event "Wisla op"]
[Site "Wisla"]
[Date "2009.05.09"]
[Round "8"]
[White "Sarnowski, Ryszard"]
[Black "Hodowany, Wojciech"]
[Result "1/2-1/2"]
[WhiteElo "1556"]
[BlackElo "1780"]
[PlyCount "44"]
[EventDate "2009.05.04"]
[EventType "swiss"]
[EventRounds "11"]
[EventCountry "POL"]
[SourceTitle "EXT 2012"]
[Source "ChessBase"]
[SourceDate "2011.11.24"]
[SourceVersion "1"]
[SourceVersionDate "2011.11.24"]
[SourceQuality "1"]

1. e4 Nf6 2. e5 Nd5 3. c4 Nb6 4. c5 Nd5 5. Bc4 e6 6. Bxd5 exd5 7. d4 d6 8. exd6 cxd6 9. cxd6 Bxd6 10. Nf3 0-0 11. 0-0 Nc6 12. a3 Bf5 13. Nc3 Be7 14. Qb3 b6 15. Qxd5 Qxd5 16. Nxd5 Be4 17. Nxe7+ Nxe7 18. Re1 Bxf3 19. Rxe7 Bd5 20. Bd2 Rfe8 21. Rae1 Rxe7 22. Rxe7 a5 1/2-1/2

[Event "Wisla op"]
[Site "Wisla"]
[Date "2009.05.08"]
[Round "6"]
[White "Sarnowski, Ryszard"]
[Black "Jagiello, Adolf"]
[Result "1-0"]
[WhiteElo "1556"]
[BlackElo "1499"]
[PlyCount "23"]
[EventDate "2009.05.04"]
[EventType "swiss"]
[EventRounds "11"]
[EventCountry "POL"]
[SourceTitle "EXT 2012"]
[Source "ChessBase"]
[SourceDate "2011.11.24"]
[SourceVersion "1"]
[SourceVersionDate "2011.11.24"]
[SourceQuality "1"]

1. e4 e5 2. Bc4 Nf6 3. d3 Nc6 4. a3 h6 5. c3 d6 6. Ne2 Be7 7. f4 exf4 8. Nxf4 Ne5 9. Ba2 Bg4 10. Qb3 g5 11. d4 Ned7 12. Qxf7# 1-0

[Event "Wisla op"]
[Site "Wisla"]
[Date "2009.05.08"]
[Round "7"]
[White "Szymanski, Leszek"]
[Black "Sarnowski, Ryszard"]
[Result "1-0"]
[WhiteElo "1847"]
[BlackElo "1556"]
[PlyCount "91"]
[EventDate "2009.05.04"]
[EventType "swiss"]
[EventRounds "11"]
[EventCountry "POL"]
[SourceTitle "EXT 2012"]
[Source "ChessBase"]
[SourceDate "2011.11.24"]
[SourceVersion "1"]
[SourceVersionDate "2011.11.24"]
[SourceQuality "1"]

1. c4 e5 2. Nc3 Bc5 3. d3 Nf6 4. Nf3 Ng4 5. e3 d6 6. h3 Nf6 7. Be2 h6 8. 0-0 a6 9. Re1 0-0 10. Na4 Bb4 11. Bd2 Bxd2 12. Nxd2 Be6 13. Nc3 c5 14. a3 Nc6 15. Bf3 Qd7 16. Rb1 Rab8 17. b4 b6 18. b5 axb5 19. Rxb5 Na7 20. Rb2 Bf5 21. Nde4 Nxe4 22. Bxe4 Be6 23. Qc2 f5 24. Bd5 f4 25. exf4 Rxf4 26. Bxe6+ Qxe6 27. Nd5 Rf7 28. Rxb6 Rxb6 29. Nxb6 Qg6 30. Qe2 Nc6 31. Qe4 Ne7 32. Qxg6 Nxg6 33. g3 Rb7 34. Rb1 Nf8 35. Rb5 Nd7 36. Nc8 Rc7 37. Nxd6 Ra7 38. Rb7 Rxa3 39. Rxd7 Rxd3 40. Rd8+ Kh7 41. Nf7 Rc3 42. Nxe5 Rc1+ 43. Kg2 g5 44. Rd7+ Kg8 45. Rc7 Re1 46. Rxc5 1-0

[Event "Wisla op"]
[Site "Wisla"]
[Date "2009.05.06"]
[Round "4"]
[White "Sarnowski, Ryszard"]
[Black "Zatylny, Jan"]
[Result "1/2-1/2"]
[WhiteElo "1556"]
[BlackElo "1685"]
[PlyCount "22"]
[EventDate "2009.05.04"]
[EventType "swiss"]
[EventRounds "11"]
[EventCountry "POL"]
[SourceTitle "EXT 2012"]
[Source "ChessBase"]
[SourceDate "2011.11.24"]
[SourceVersion "1"]
[SourceVersionDate "2011.11.24"]
[SourceQuality "1"]

1. d4 d5 2. c4 c6 3. Nc3 e6 4. c5 Nh6 5. a4 a5 6. f4 g6 7. Nf3 Nd7 8. e3 f5 9. Qc2 Nf6 10. Bd3 Ne4 11. 0-0 Bd7 1/2-1/2

[Event "Wisla op"]
[Site "Wisla"]
[Date "2009.05.04"]
[Round "1"]
[White "Gigon, Stanislaw"]
[Black "Sarnowski, Ryszard"]
[Result "1-0"]
[WhiteElo "1940"]
[BlackElo "1556"]
[PlyCount "115"]
[EventDate "2009.05.04"]
[EventType "swiss"]
[EventRounds "11"]
[EventCountry "POL"]
[SourceTitle "EXT 2012"]
[Source "ChessBase"]
[SourceDate "2011.11.24"]
[SourceVersion "1"]
[SourceVersionDate "2011.11.24"]
[SourceQuality "1"]

1. e4 c5 2. Nf3 d6 3. c3 a6 4. d4 e6 5. dxc5 dxc5 6. Qxd8+ Kxd8 7. Ne5 Ke8 8. Be3 f6 9. Nc4 Nd7 10. a4 b6 11. f4 Bb7 12. Nbd2 Ne7 13. Be2 Nc6 14. Bh5+ g6 15. Bg4 f5 16. Bf3 h5 17. exf5 exf5 18. 0-0-0 Nd8 19. Rhe1 Kf7 20. Bxb7 Nxb7 21. Nf3 Rd8 22. Rxd7+ Rxd7 23. Nfe5+ Ke8 24. Nxd7 Kxd7 25. Nxb6+ Kc6 26. Nc4 Bd6 27. Bd2 Kd7 28. Kc2 Re8 29. Rxe8 Kxe8 30. Nb6 Ke7 31. Nd5+ Ke6 32. c4 Kf7 33. h3 Ke6 34. Kd3 Kf7 35. Bc3 Nd8 36. b4 Ne6 37. Ke3 cxb4 38. Bxb4 Bxb4 39. Nxb4 Nc5 40. a5 Ke6 41. Nc6 Nb3 42. Ne5 Nxa5 43. Kd3 Kf6 44. Nd7+ Ke7 45. Nc5 Nc6 46. Nxa6 Kd6 47. Kc3 Ke7 48. Nb4 Nd8 49. Kd4 Ke6 50. c5 Nf7 51. Nc6 g5 52. Ne5 Nxe5 53. fxe5 g4 54. c6 gxh3 55. gxh3 h4 56. Ke3 Ke7 57. Kf4 Ke6 58. Kg5 1-0

[Event "Rowy op-A 17th"]
[Site "Rowy"]
[Date "2008.06.20"]
[Round "7.30"]
[White "Murawko, Julia"]
[Black "Sarnowski, Ryszard"]
[Result "1/2-1/2"]
[WhiteElo "1505"]
[BlackElo "1534"]
[PlyCount "28"]
[EventDate "2008.06.14"]
[EventType "swiss"]
[EventRounds "9"]
[EventCountry "POL"]
[SourceTitle "EXT 2023"]
[Source "ChessBase"]
[SourceDate "2022.10.05"]
[SourceVersion "1"]
[SourceVersionDate "2022.10.05"]
[SourceQuality "1"]

1. e4 e6 2. Nc3 d5 3. exd5 exd5 4. d4 Nf6 5. Nf3 Bb4 6. Qe2+ Be6 7. Qb5+ Nc6 8. Qxb7 Bd7 9. Bb5 Rb8 10. Qa6 Rb6 11. Qa4 Bxc3+ 12. bxc3 Qa8 13. Bxc6 Bxc6 14. Qa3 Bb5 1/2-1/2

[Event "Rowy op-A 17th"]
[Site "Rowy"]
[Date "2008.06.17"]
[Round "5.25"]
[White "Sarnowski, Ryszard"]
[Black "Pudlo, Jerzy"]
[Result "0-1"]
[WhiteElo "1534"]
[BlackElo "1686"]
[PlyCount "69"]
[EventDate "2008.06.14"]
[EventType "swiss"]
[EventRounds "9"]
[EventCountry "POL"]
[SourceTitle "EXT 2023"]
[Source "ChessBase"]
[SourceDate "2022.10.05"]
[SourceVersion "1"]
[SourceVersionDate "2022.10.05"]
[SourceQuality "1"]

1. e4 g6 2. d4 d6 3. h3 Bg7 4. Bf4 c5 5. Bb5+ Bd7 6. Bxd7+ Nxd7 7. c3 cxd4 8. Ne2 dxc3 9. Nbxc3 Qb6 10. Rb1 Ngf6 11. Be3 Qd8 12. Qd2 0-0 13. Bh6 Re8 14. Bxg7 Kxg7 15. 0-0 Nc5 16. Qd4 Kg8 17. b4 Ne6 18. Qe3 a6 19. a4 Rc8 20. Rfc1 Kg7 21. f4 Nf8 22. e5 dxe5 23. fxe5 Nd5 24. Nxd5 Qxd5 25. Rd1 Qc6 26. b5 Qc4 27. Rd4 Qc5 28. Kh2 Ne6 29. Re4 Qxe3 30. Rxe3 Kf8 31. bxa6 bxa6 32. Rb6 a5 33. Kg3 Rc5 34. Nf4 Nxf4 35. Kxf4 0-1

[Event "Rowy op-A 17th"]
[Site "Rowy"]
[Date "2008.06.16"]
[Round "3.28"]
[White "Sarnowski, Ryszard"]
[Black "Szamrej, Jozef"]
[Result "1-0"]
[WhiteElo "1534"]
[BlackElo "1836"]
[PlyCount "85"]
[EventDate "2008.06.14"]
[EventType "swiss"]
[EventRounds "9"]
[EventCountry "POL"]
[SourceTitle "EXT 2023"]
[Source "ChessBase"]
[SourceDate "2022.10.05"]
[SourceVersion "1"]
[SourceVersionDate "2022.10.05"]
[SourceQuality "1"]

1. e4 e5 2. Nf3 Nc6 3. Bb5 a6 4. Bxc6 dxc6 5. Nxe5 Qd4 6. Nf3 Qxe4+ 7. Qe2 Bf5 8. d3 Qxe2+ 9. Kxe2 0-0-0 10. Be3 Nf6 11. Ne5 Be6 12. Bg5 Be7 13. Nc3 h6 14. Be3 Rhe8 15. a3 Nd5 16. Bd2 Bf6 17. Nf3 Nxc3+ 18. bxc3 Bd5+ 19. Kf1 Bxf3 20. gxf3 Rd5 21. Rb1 Ra5 22. Rb3 Be7 23. Bc1 Bd6 24. c4 Re6 25. d4 b6 26. h3 b5 27. c5 Be7 28. Rg1 Bf6 29. c3 Ra4 30. Rg4 a5 31. Re4 Kd7 32. Ke2 Bg5 33. Rxe6 fxe6 34. f4 Bf6 35. f3 Rc4 36. Bd2 Bh4 37. f5 Bf6 38. Be3 h5 39. f4 Ra4 40. Bf2 Rc4 41. Be3 Ra4 42. Bd2 b4 43. c4 1-0

[Event "IPCA Wch-B 8th"]
[Site "Wisla"]
[Date "2007.05.17"]
[Round "3"]
[White "Zatylny, Jan"]
[Black "Sarnowski, Ryszard"]
[Result "1/2-1/2"]
[WhiteElo "1791"]
[BlackElo "1477"]
[PlyCount "54"]
[EventDate "2007.05.15"]
[EventType "swiss"]
[EventRounds "9"]
[EventCountry "POL"]
[SourceTitle "EXT 2011"]
[Source "ChessBase"]
[SourceDate "2010.11.26"]
[SourceVersion "1"]
[SourceVersionDate "2010.11.26"]
[SourceQuality "1"]

1. d4 d5 2. c4 c6 3. e3 dxc4 4. Bxc4 Bf5 5. Bd3 Qd7 6. Nf3 Nf6 7. 0-0 Bg4 8. Be2 e6 9. a3 Be7 10. b4 Qc7 11. Bb2 Nbd7 12. Ne5 Bxe2 13. Qxe2 Nxe5 14. dxe5 Nd7 15. Nd2 0-0 16. f4 f5 17. Qc4 Kf7 18. e4 Nb6 19. Qb3 g6 20. exf5 gxf5 21. Qh3 Kg7 22. Rf3 Nd5 23. Ne4 b5 24. Nd6 Qd8 25. Rg3+ Kh8 26. Qh6 Rg8 27. Rxg8+ Qxg8 1/2-1/2

[Event "IPCA Wch-B 8th"]
[Site "Wisla"]
[Date "2007.05.15"]
[Round "1"]
[White "Krawczyk, Wieslaw"]
[Black "Sarnowski, Ryszard"]
[Result "1-0"]
[WhiteElo "2116"]
[BlackElo "1477"]
[PlyCount "89"]
[EventDate "2007.05.15"]
[EventType "swiss"]
[EventRounds "9"]
[EventCountry "POL"]
[SourceTitle "EXT 2011"]
[Source "ChessBase"]
[SourceDate "2010.11.26"]
[SourceVersion "1"]
[SourceVersionDate "2010.11.26"]
[SourceQuality "1"]

1. e4 c5 2. d4 cxd4 3. c3 dxc3 4. Nxc3 a6 5. Nf3 e6 6. Bc4 Nc6 7. Qe2 Na5 8. Bd3 b5 9. 0-0 Bb7 10. Bf4 d6 11. Rfd1 Rc8 12. a4 b4 13. Na2 Nb3 14. Rab1 Qa5 15. Bc2 Qxa4 16. Nc1 Rxc2 17. Qxc2 Nc5 18. Qxa4+ Nxa4 19. Bxd6 Bxe4 20. Ra1 Nxb2 21. Bxf8 Kxf8 22. Rd7 Bc6 23. Rc7 Bb5 24. Nd4 g6 25. g4 h6 26. Nxb5 axb5 27. Raa7 Rh7 28. Rab7 Nf6 29. h3 Nd5 30. Rc8+ Kg7 31. Rxb5 Nc4 32. Rxc4 Rh8 33. Nd3 Ra8 34. Nxb4 Ra1+ 35. Kg2 Rb1 36. Rb8 Rb2 37. Kg3 g5 38. Nc6 Ra2 39. Rb7 Ra3+ 40. f3 Ne3 41. Re4 Nf1+ 42. Kf2 Nd2 43. Re3 Rxe3 44. Kxe3 Nc4+ 45. Ke2 1-0